Киносценарии; Штурм Измаила; Суворов; Крейсер "Варяг"
| 第一著者: | |
|---|---|
| 言語: | ロシア語 |
| 出版事項: |
Москва, Госкиноиздат, 1952
|
| TOC: | Штурм Измаила; Суворов; Крейсер "Варяг"; |
| 主題: | |
| フォーマット: | MixedMaterials 図書 |
| KOHA link: | https://koha.lib.tpu.ru/cgi-bin/koha/opac-detail.pl?biblionumber=317687 |
MARC
| LEADER | 00000nam0a2200000 4500 | ||
|---|---|---|---|
| 001 | 317687 | ||
| 005 | 20231102003011.0 | ||
| 035 | |a (RuTPU)RU\TPU\book\343155 | ||
| 090 | |a 317687 | ||
| 100 | |a 20160412d1952 m y0rusy50 ca | ||
| 101 | 0 | |a rus | |
| 102 | |a RU | ||
| 105 | |a y z 000by | ||
| 200 | 1 | |a Киносценарии |f Г. Гребнер | |
| 210 | |a Москва |c Госкиноиздат |d 1952 | ||
| 215 | |a 239 с. | ||
| 464 | |t Штурм Измаила | ||
| 464 | |t Суворов | ||
| 464 | |t Крейсер "Варяг" | ||
| 606 | 1 | |a Киносценарии |2 stltpush |3 (RuTPU)RU\TPU\subj\14378 |9 40779 | |
| 610 | 1 | |a советское кино | |
| 610 | 1 | |a литературные сценарии | |
| 610 | 1 | |a СССР | |
| 610 | 1 | |a 20 век | |
| 675 | |a 791.43.05:008 |v 4 | ||
| 700 | 1 | |a Гребнер |b Г. | |
| 801 | 1 | |a RU |b 63413507 |c 20160412 | |
| 801 | 2 | |a RU |b 63413507 |c 20171127 |g RCR | |
| 942 | |c BK | ||